000 00663nam a2200253Ia 4500
003 OSt
005 20221005042812.0
006 a|||||r|||| 00| 0
007 ta
008 221004b |||||||| |||| 00| 0 eng d
020 _a0748613595
024 _a72867
037 _cTextual
040 _aCRL
_cCRL
_beng
041 _2eng
_aeng
082 _aWx, P1
100 _aEvans Mark Ed.
245 0 _aEdinburgh companion to contemporary liberalism
260 _aEdinburgh
_bEdinburgh University Press
_c2001
300 _a329p
_ccm.
650 _aPOLITICAL SCIENCE
942 _hWx, P1
_cTEXL
_2cc
999 _c950860
_d950860